000 00646nam a2200241Ia 4500
003 OSt
005 20220928135654.0
006 a|||||r|||| 00| 0
007 ta
008 220927b |||||||| |||| 00| 0 eng d
024 _a4545
037 _cTextual
040 _aSDCL
_cSDCL
_beng
041 _2eng
_aeng
082 _aX:54.1'P, N9
100 _aKenwood A G
_9492591
245 0 _aGrowth of the international economy 1820-2000
_b An introductory text
250 _a4
260 _c1999
700 _a Lougheed A L
_9492592
942 _hX:54.1'P, N9
_cTEXL
_2CC
999 _c808212
_d808212